000 00261nam a22001217a 4500
008 171207b xxu||||| |||| 00| 0 eng d
041 _aeng
080 _a616.8
100 _a26
101 _aNEU
245 _aINJURIES OF NERVES
_cMITCHEL.S.W
942 _2udc
_cBK
999 _c38821
_d38821